[Event "I Open"]
[Site "Senigallia ITA"]
[Date "1996.05.19"]
[Round "1"]
[White "Rotondi, Paolo"]
[Black "Drei, Andrea"]
[Result "0-1"]
[WhiteElo "1591"]
[BlackElo "2325"]
[PlyCount "66"]
[EventDate "1996.05.19"]

1.c4 e5 2.Nc3 Nf6 3.g3 d5 4.cxd5 Nxd5 5.Bg2 Nb6 6.Nf3 Nc6 7.O-O Be7 8.d3 
O-O 9.a3 f5 10.b4 a6 11.Bb2 Bf6 12.Qb3+ Kh8 13.Rfd1 Nd4 14.Nxd4 exd4 15.
Na4 Nxa4 16.Qxa4 c6 17.Rac1 Re8 18.Re1 Be6 19.Qc2 Qd7 20.Qd2 Rad8 21.f4 
Bb3 22.Rc5 Re3 23.Bh3 Bd5 24.Bc1 b6 25.Rc2 h5 26.Qd1 Re7 27.e4 Qe8 28.Qf3 
fxe4 29.dxe4 Bxe4 30.Rxe4 Rxe4 31.Bg2 Re1+ 32.Kf2 d3 33.Be3 dxc2 0-1

[Event "I Open"]
[Site "Senigallia ITA"]
[Date "1996.05.19"]
[Round "1"]
[White "Skembris, Spyridon"]
[Black "Sebastianelli, Dario"]
[Result "1-0"]
[WhiteElo "2505"]
[BlackElo "1768"]
[PlyCount "56"]
[EventDate "1996.05.19"]

1.d4 Nf6 2.c4 e5 3.dxe5 Ne4 4.a3 Nc6 5.Qc2 f5 6.exf6 Nxf6 7.Nf3 a5 8.Nc3 
Bc5 9.Ne4 Qe7 10.Nxf6+ gxf6 11.e3 d6 12.Bd3 Bd7 13.Bd2 Ne5 14.Be4 c6 15.
O-O Qe6 16.b3 Rg8 17.Nxe5 dxe5 18.b4 Bb6 19.g3 f5 20.Bg2 h5 21.bxa5 Bxa5 
22.Bxa5 Rxa5 23.c5 Qe7 24.Rfc1 h4 25.Qb3 Be6 26.Qc3 Qc7 27.Rd1 Kf7 28.Rd6 
e4 1-0

[Event "I Open"]
[Site "Senigallia ITA"]
[Date "1996.05.19"]
[Round "1"]
[White "Travaglini, Alberto"]
[Black "Miele, Rosario"]
[Result "1-0"]
[WhiteElo "2123"]
[BlackElo "1585"]
[PlyCount "63"]
[EventDate "1996.05.19"]

1.d4 Nf6 2.Nf3 e6 3.Bf4 d5 4.e3 Nbd7 5.Nbd2 Be7 6.Bd3 c5 7.c3 c4 8.Bc2 O-O
9.h4 b5 10.Ne5 Bb7 11.a3 Nxe5 12.Bxe5 Bd6 13.Nf3 Bxe5 14.Nxe5 Qe7 15.g4 
Ne4 16.f4 f6 17.Nf3 Rad8 18.Rh2 a5 19.Qe2 b4 20.axb4 axb4 21.Bxe4 dxe4 22.
Nd2 Ra8 23.Rxa8 Rxa8 24.Qxc4 bxc3 25.Qxc3 Ra1+ 26.Kf2 g5 27.hxg5 fxg5 28.
Rh5 gxf4 29.exf4 Qf6 30.Qe3 Bd5 31.Nxe4 Qg6 32.Rg5 1-0

[Event "I Open"]
[Site "Senigallia ITA"]
[Date "1996.05.19"]
[Round "1"]
[White "Vujovic, Milorad"]
[Black "Trovato, Alessio"]
[Result "1-0"]
[WhiteElo "2345"]
[BlackElo "1633"]
[PlyCount "45"]
[EventDate "1996.05.19"]

1.c4 e5 2.Nc3 Nf6 3.Nf3 e4 4.Ng5 Qe7 5.Qc2 d5 6.cxd5 Bf5 7.f3 h6 8.Ngxe4 
Na6 9.Nxf6+ Qxf6 10.e4 Bg6 11.Qa4+ Kd8 12.Bxa6 bxa6 13.d4 Rb8 14.a3 Qh4+ 
15.Ke2 Bd6 16.b4 Bxh2 17.Be3 Qg3 18.Kf1 Re8 19.Ne2 Qd6 20.Rc1 Rb6 21.Rxh2 
Qxh2 22.Bf4 Qh1+ 23.Kf2 1-0

[Event "I Open"]
[Site "Senigallia ITA"]
[Date "1996.05.20"]
[Round "2"]
[White "Amaranto, Luca"]
[Black "Fico, Massimiliano"]
[Result "0-1"]
[WhiteElo "1813"]
[BlackElo "2315"]
[PlyCount "40"]
[EventDate "1996.05.19"]

1.e4 Nc6 2.d4 d5 3.e5 Bf5 4.c3 e6 5.Nf3 f6 6.Bf4 Qd7 7.exf6 gxf6 8.Bd3 
Nge7 9.Qe2 Bxd3 10.Qxd3 Ng6 11.Bg3 O-O-O 12.O-O e5 13.dxe5 fxe5 14.Qe3 e4 
15.Nd4 Nxd4 16.cxd4 h5 17.Bxc7 Kxc7 18.Rc1+ Kb8 19.Na3 Bh6 20.Qg3+ Nf4 0-1

[Event "I Open"]
[Site "Senigallia ITA"]
[Date "1996.05.20"]
[Round "2"]
[White "Barbieri, Giovanni"]
[Black "Skembris, Spyridon"]
[Result "0-1"]
[WhiteElo "2155"]
[BlackElo "2505"]
[PlyCount "104"]
[EventDate "1996.05.19"]

1.e4 e5 2.Nf3 Nc6 3.Bb5 a6 4.Ba4 Nf6 5.O-O Be7 6.Bxc6 dxc6 7.d3 Nd7 8.Nbd2
O-O 9.Nc4 f6 10.Nh4 Nc5 11.Nf5 Bxf5 12.exf5 a5 13.Qg4 Kh8 14.Be3 b5 15.Nd2
Na4 16.Rab1 Qd5 17.a3 Bc5 18.Kh1 Rad8 19.b3 Nc3 20.Rbe1 Bxa3 21.Nf3 Qd7 
22.Nh4 g5 23.Nf3 Qf7 24.Bd2 Bb4 25.Bxc3 Bxc3 26.Re4 h5 27.Qg3 Qh7 28.h4 g4
29.Ng1 Qxf5 30.Ne2 Bd2 31.Kg1 Rg8 32.f4 gxf3 33.Rxf3 Be3+ 34.Kf1 Qxe4 35.
dxe4 Rd1+ 36.Qe1 Rxe1+ 37.Kxe1 Bb6 38.Rxf6 Rxg2 39.Rh6+ Kg7 40.Rxh5 a4 41.
bxa4 bxa4 42.Rg5+ Rxg5 43.hxg5 a3 44.Nc1 Kg6 45.Ke2 Kxg5 46.Kd3 Kf4 47.
Ne2+ Kf3 48.Nc1 Be3 49.Na2 Bd4 50.Nc1 Bb2 51.Na2 c5 52.c3 Kf4 0-1

[Event "I Open"]
[Site "Senigallia ITA"]
[Date "1996.05.20"]
[Round "2"]
[White "Briffault, Philippe"]
[Black "Fucito, Giovanni"]
[Result "1-0"]
[WhiteElo "1678"]
[BlackElo "1512"]
[PlyCount "40"]
[EventDate "1996.05.19"]

1.d4 d5 2.Nf3 Nf6 3.c4 e6 4.Nc3 Nbd7 5.Bg5 Be7 6.e3 O-O 7.Bd3 dxc4 8.Bxc4 
c5 9.O-O a6 10.a4 Nb6 11.Ba2 Nbd5 12.Rc1 Nxc3 13.bxc3 cxd4 14.cxd4 h6 15.
Bh4 Qa5 16.Ne5 g5 17.Bg3 Nd7 18.Qh5 Nxe5 19.Bxe5 f6 20.Qg6+ Kh8 1-0

[Event "I Open"]
[Site "Senigallia ITA"]
[Date "1996.05.20"]
[Round "2"]
[White "Brumat, Giorgio"]
[Black "Cetkovic, Sergio"]
[Result "1/2-1/2"]
[WhiteElo "1828"]
[BlackElo "1815"]
[PlyCount "82"]
[EventDate "1996.05.19"]

1.e4 d6 2.d4 Nf6 3.Nc3 g6 4.f4 Bg7 5.Nf3 O-O 6.e5 Nfd7 7.h4 c5 8.h5 cxd4 
9.Qxd4 Nc6 10.Qf2 e6 11.hxg6 hxg6 12.Ng5 dxe5 13.Nce4 Re8 14.Bd2 Qb6 15.
Qxb6 Nxb6 16.Nd6 Re7 17.O-O-O Nd5 18.Bc4 Nxf4 19.Bxf4 exf4 20.Rdf1 Nd8 21.
Rxf4 Be5 22.Rfh4 Bd7 23.Nde4 Bc6 24.Nf3 Bg7 25.Bd3 Bxe4 26.Bxe4 Nc6 27.
Bxc6 bxc6 28.Rc4 Rc7 29.Rd1 c5 30.c3 a5 31.Kc2 Bf6 32.Nd4 a4 33.Nb5 Rc6 
34.Nd6 Be7 35.Ne4 Ra7 36.g4 f5 37.gxf5 exf5 38.Nf2 Re6 39.Nd3 Re2+ 40.Rd2 
Rxd2+ 41.Kxd2 a3 1/2-1/2

[Event "I Open"]
[Site "Senigallia ITA"]
[Date "1996.05.20"]
[Round "2"]
[White "Diena, Giovanni"]
[Black "Mircoli, Filippo"]
[Result "0-1"]
[WhiteElo "1771"]
[BlackElo "1600"]
[PlyCount "68"]
[EventDate "1996.05.19"]

1.e4 e5 2.Nf3 Nc6 3.Bb5 Nf6 4.O-O Nxe4 5.d4 Nd6 6.Bxc6 bxc6 7.Nxe5 Be7 8.
d5 cxd5 9.Nc3 c6 10.Re1 O-O 11.Qe2 Re8 12.Qg4 f6 13.Bh6 Bf8 14.Nf3 Nc4 15.
Rxe8 Qxe8 16.Re1 Qf7 17.Bc1 d6 18.Qd4 Bf5 19.b3 Ne5 20.Nxe5 dxe5 21.Qa4 
Qb7 22.Ba3 Bxc2 23.Bxf8 Rxf8 24.Rc1 Bf5 25.g4 Bd7 26.h3 f5 27.gxf5 Rxf5 
28.Qh4 Rf6 29.Ne2 Qb6 30.Rc3 Qd8 31.Rg3 Qf8 32.Rg2 Bf5 33.Qg3 Be4 34.f3 
Bxf3 0-1

[Event "I Open"]
[Site "Senigallia ITA"]
[Date "1996.05.20"]
[Round "2"]
[White "Drasko, Milan"]
[Black "Bussoli, Sauro"]
[Result "1-0"]
[WhiteElo "2505"]
[BlackElo "1672"]
[PlyCount "63"]
[EventDate "1996.05.19"]

1.d4 d5 2.c4 e6 3.Nc3 Nf6 4.cxd5 exd5 5.Bg5 Be7 6.e3 c6 7.Qc2 h6 8.Bh4 Ne4
9.Bxe7 Kxe7 10.Nxe4 dxe4 11.Qxe4+ Be6 12.Ne2 Qa5+ 13.Nc3 Nd7 14.Be2 Nf6 
15.Qc2 Rhd8 16.Qa4 Qxa4 17.Nxa4 b6 18.b3 Rd6 19.O-O Rad8 20.Rfc1 Nd5 21.
Nb2 b5 22.Nd3 b4 23.Bf3 a5 24.Nc5 Bc8 25.Bxd5 Rxd5 26.a3 Bg4 27.f3 Bh5 28.
axb4 axb4 29.Ra7+ Kf8 30.Rc4 Bg6 31.Rxb4 Rc8 32.Nd7+ 1-0

[Event "I Open"]
[Site "Senigallia ITA"]
[Date "1996.05.20"]
[Round "2"]
[White "Drei, Andrea"]
[Black "Palmizi, Alessandro"]
[Result "1-0"]
[WhiteElo "2325"]
[BlackElo "1600"]
[PlyCount "71"]
[EventDate "1996.05.19"]

1.e4 g6 2.d4 Bg7 3.Nc3 d6 4.Nf3 e6 5.Be3 Ne7 6.Qd2 h6 7.Be2 Nd7 8.O-O a6 
9.a4 b6 10.Ne1 Bb7 11.f4 f5 12.Bf3 Nf6 13.exf5 Bxf3 14.Nxf3 Nxf5 15.Bf2 
O-O 16.Rae1 Qd7 17.h3 Qf7 18.g4 Ne7 19.Bg3 Nd7 20.Qe2 Nd5 21.Nxd5 exd5 22.
Qd3 Nf6 23.Ne5 dxe5 24.fxe5 Rae8 25.Qxa6 Qd7 26.exf6 Rxe1 27.Rxe1 Bxf6 28.
Qd3 Kg7 29.b3 Re8 30.Be5 Re6 31.Qf3 Bxe5 32.Rxe5 Rxe5 33.dxe5 Qe6 34.Qf4 
Qf7 35.Qxf7+ Kxf7 36.b4 1-0

[Event "I Open"]
[Site "Senigallia ITA"]
[Date "1996.05.20"]
[Round "2"]
[White "Giacometti, Franco"]
[Black "Vujovic, Milorad"]
[Result "0-1"]
[WhiteElo "1953"]
[BlackElo "2345"]
[PlyCount "70"]
[EventDate "1996.05.19"]

1.d4 Nf6 2.c4 e6 3.Nf3 Bb4+ 4.Nbd2 a5 5.e3 Nc6 6.Bd3 d6 7.O-O Bxd2 8.Nxd2 
e5 9.d5 Nb4 10.Bb1 Bd7 11.a3 Na6 12.b3 Nc5 13.Bb2 O-O 14.f4 Ng4 15.Qe1 
exf4 16.Rxf4 Qe7 17.Bd4 Rae8 18.b4 axb4 19.axb4 Na6 20.Re4 Ne5 21.Bxe5 
dxe5 22.Nf3 f6 23.c5 g5 24.g4 Rd8 25.Qc3 Be8 26.Ba2 Kh8 27.Rd1 Bg6 28.Qc4 
Qf7 29.h4 h6 30.hxg5 fxg5 31.Rf1 Bxe4 32.Qxe4 Qh7 33.Nxg5 Qxe4 34.Nxe4 
Nxb4 35.Bb1 Nxd5 0-1

[Event "I Open"]
[Site "Senigallia ITA"]
[Date "1996.05.20"]
[Round "2"]
[White "Guglielmi, Giuseppe"]
[Black "Pierbattisti, Giorgio"]
[Result "1/2-1/2"]
[WhiteElo "1701"]
[BlackElo "1654"]
[PlyCount "180"]
[EventDate "1996.05.19"]

1.d4 d5 2.Nf3 c6 3.c4 a6 4.b3 Nf6 5.e3 Bg4 6.Bd3 Nbd7 7.Bb2 e6 8.Nbd2 Bd6 
9.Qc2 Bh5 10.O-O Qb8 11.Rae1 Bg6 12.e4 dxe4 13.Nxe4 Nxe4 14.Bxe4 O-O 15.h3
Nf6 16.Bxg6 hxg6 17.Ng5 Bf4 18.Ne4 Qc7 19.g3 Nxe4 20.Qxe4 Bg5 21.Kg2 Bf6 
22.Bc1 Rad8 23.Rd1 Rd7 24.Bf4 Qa5 25.Rd2 e5 26.dxe5 Rxd2 27.Bxd2 Qxd2 28.
exf6 Qxa2 29.fxg7 Kxg7 30.Qd4+ f6 31.b4 Qe2 32.Rd1 Re8 33.c5 Re7 34.Rd3 
Kf7 35.g4 g5 36.Rf3 Qe5 37.Qxe5 Rxe5 38.Rd3 Rd5 39.Rb3 Rd4 40.Kg3 Ke6 41.
h4 gxh4+ 42.Kxh4 f5 43.f3 Kf6 44.Kh5 Rd1 45.g5+ Kg7 46.Kh4 Rd4+ 47.Kg3 f4+
48.Kg4 Kg6 49.Rb1 Rd5 50.Kxf4 Rxg5 51.Rd1 Rf5+ 52.Ke4 Rf7 53.Rd6+ Kg5 54.
Ke3 Kf5 55.Rd4 Rh7 56.Rf4+ Ke5 57.Rg4 Kf5 58.Rg8 Re7+ 59.Kf2 Rf7 60.Re8 
Kf4 61.Re4+ Kf5 62.Ke3 Rh7 63.Re8 Rf7 64.f4 Kg4 65.Rg8+ Kf5 66.Rg5+ Kf6 
67.Ke4 Rh7 68.Rf5+ Ke6 69.Rf8 Rh1 70.Re8+ Kf6 71.Rb8 Re1+ 72.Kd4 Re7 73.
Rf8+ Kg7 74.Rf5 Re1 75.Re5 Rd1+ 76.Kc3 Kf6 77.Kb3 Rd4 78.Re8 Rxf4 79.Rb8 
Ke5 80.Rxb7 Kd5 81.Rd7+ Ke5 82.Ka4 Rf1 83.Ka5 Rb1 84.Rd6 Ra1+ 85.Kb6 Rb1 
86.Kxa6 Rxb4 87.Rxc6 Kd5 88.Rc7 Rb1 89.Ka7 Rc1 90.Kb7 Rxc5 1/2-1/2

[Event "I Open"]
[Site "Senigallia ITA"]
[Date "1996.05.20"]
[Round "2"]
[White "Komarov, Dimitri"]
[Black "Rago, Riccardo"]
[Result "1-0"]
[WhiteElo "2530"]
[BlackElo "2230"]
[PlyCount "81"]
[EventDate "1996.05.19"]

1.d4 Nf6 2.Nf3 g6 3.c4 Bg7 4.Nc3 O-O 5.e4 d6 6.Be2 e5 7.O-O Nc6 8.d5 Ne7 
9.Nd2 a5 10.a3 Ne8 11.Rb1 f5 12.b4 Nf6 13.c5 axb4 14.axb4 Kh8 15.f3 f4 16.
Nc4 Ne8 17.Bb2 g5 18.Ra1 Rb8 19.Qa4 Bd7 20.Qa7 Qc8 21.b5 dxc5 22.Qxc5 Ng6 
23.b6 cxb6 24.Qxc8 Bxc8 25.Nb5 Bd7 26.Nxb6 Bxb5 27.Bxb5 Nd6 28.Bd3 Rfd8 
29.Rfc1 Ne8 30.Kf1 Rd6 31.Nc4 Ra6 32.Rxa6 bxa6 33.Ra1 Nd6 34.Nxd6 Rxb2 35.
Rxa6 Rd2 36.Bc4 h6 37.Ra8+ Kh7 38.Ra7 Kh8 39.Nf7+ Kh7 40.d6 Nf8 41.Bd5 1-0

[Event "I Open"]
[Site "Senigallia ITA"]
[Date "1996.05.20"]
[Round "2"]
[White "Lagrotteria, Salvatore"]
[Black "Efimov, Igor"]
[Result "0-1"]
[WhiteElo "2150"]
[BlackElo "2455"]
[PlyCount "98"]
[EventDate "1996.05.19"]

1.Nf3 c5 2.e3 e6 3.d4 d5 4.Be2 Nc6 5.O-O a6 6.a4 Bd6 7.c4 Nge7 8.Nc3 O-O 
9.b3 dxc4 10.bxc4 cxd4 11.exd4 Nf5 12.Bg5 f6 13.Be3 Bb8 14.Ra2 Ba7 15.Rd2 
Qa5 16.Qb3 Qb4 17.Qxb4 Nxb4 18.c5 Rd8 19.g4 Ne7 20.Rb1 Nbd5 21.Nxd5 Nxd5 
22.Rc2 Bb8 23.Nd2 Bd7 24.Rxb7 Bxa4 25.Rc1 Bc6 26.Rb3 Bc7 27.Nc4 a5 28.Nb6 
Ra7 29.Ra3 Rb8 30.Nxd5 Bxd5 31.Bc4 Rb2 32.Bxd5 exd5 33.Rca1 Kf7 34.R1a2 
Rxa2 35.Rxa2 Ke6 36.h3 Kd7 37.Kg2 Kc6 38.Kf3 Rb7 39.h4 Rb3 40.Ke2 Kb5 41.
f4 a4 42.f5 a3 43.Ra1 Rb2+ 44.Kd3 a2 45.Bd2 Ka4 46.Kc3 Rxd2 47.Kxd2 Kb3 
48.g5 Kb2 49.Rd1 Bf4+ 0-1

[Event "I Open"]
[Site "Senigallia ITA"]
[Date "1996.05.20"]
[Round "2"]
[White "Letter, Giovanni"]
[Black "Pantaleoni, Leone"]
[Result "0-1"]
[WhiteElo "1600"]
[BlackElo "1714"]
[PlyCount "92"]
[EventDate "1996.05.19"]

1.b3 e5 2.Bb2 Nc6 3.e3 d5 4.Bb5 Bd6 5.Bxc6+ bxc6 6.d3 Nf6 7.Nd2 O-O 8.Ngf3
Qe7 9.Qe2 a5 10.a4 Bg4 11.h3 Bh5 12.g4 Bg6 13.Nh4 Nd7 14.Nf5 Bxf5 15.gxf5 
e4 16.Rg1 Be5 17.d4 Bd6 18.Qg4 Qf6 19.O-O-O Rfb8 20.h4 h6 21.Rg2 Kh8 22.
Rdg1 Rg8 23.f3 exf3 24.Qxf3 Qe7 25.e4 dxe4 26.Nxe4 Ba3 27.Re2 Bxb2+ 28.
Kxb2 Rae8 29.Qh5 Nf6 30.Nxf6 Qxf6 31.Rd2 Re4 32.Rg4 Rge8 33.Rxe4 Rxe4 34.
Qf3 Rxd4 35.Rxd4 Qxd4+ 36.Kb1 Qxh4 37.Qxc6 Qe1+ 38.Kb2 Qe5+ 39.Kb1 Qxf5 
40.Qxc7 h5 41.Kc1 Kh7 42.c4 h4 43.Qd8 h3 44.Qh4+ Kg6 45.Qe1 h2 46.Kb2 Qf3 
0-1

[Event "I Open"]
[Site "Senigallia ITA"]
[Date "1996.05.20"]
[Round "2"]
[White "Magalotti, Andrea"]
[Black "Rotondi, Paolo"]
[Result "1/2-1/2"]
[WhiteElo "2085"]
[BlackElo "1591"]
[PlyCount "52"]
[EventDate "1996.05.19"]

1.e4 c6 2.d4 d5 3.e5 Bf5 4.Nf3 e6 5.c4 dxc4 6.Bxc4 Nd7 7.O-O Nb6 8.Bg5 Be7
9.Bxe7 Nxe7 10.Nbd2 h6 11.Qb3 Qd7 12.a4 O-O 13.a5 Nxc4 14.Nxc4 Be4 15.Nd6 
Bxf3 16.Qxf3 Nc8 17.Nxc8 Raxc8 18.Rfd1 Qd5 19.Qxd5 cxd5 20.Rdc1 Rfd8 21.
Kf1 Kf8 22.Ke2 Ke7 23.Kd3 Kd7 24.Rc3 Rxc3+ 25.bxc3 Rc8 26.Rb1 Rc7 1/2-1/2

[Event "I Open"]
[Site "Senigallia ITA"]
[Date "1996.05.20"]
[Round "2"]
[White "Miele, Rosario"]
[Black "Antoniacci, Riccardo"]
[Result "1-0"]
[WhiteElo "1585"]
[BlackElo "1525"]
[PlyCount "93"]
[EventDate "1996.05.19"]

1.e4 c5 2.Nf3 Nc6 3.d4 cxd4 4.Nxd4 g6 5.Nc3 Bg7 6.Be3 Nf6 7.Bc4 Qa5 8.f3 
Qb4 9.Bb3 Nxe4 10.Nxc6 Bxc3+ 11.bxc3 Qxc3+ 12.Ke2 Qxc6 13.fxe4 Qxe4 14.Qd5
Qxd5 15.Bxd5 e6 16.Bf3 d5 17.Bd4 O-O 18.Rab1 e5 19.Bc5 Rd8 20.Kf2 b6 21.
Be7 Rd7 22.Bf6 e4 23.Be2 Rd6 24.Bd4 f5 25.Ke3 Bd7 26.Rhf1 g5 27.g3 Rf8 28.
Bb5 Bc8 29.Rf2 h5 30.Rg1 Rg6 31.Rgf1 h4 32.Be2 hxg3 33.hxg3 Rh6 34.c4 Rh3 
35.Kd2 Rxg3 36.Rh2 Kf7 37.Rh7+ Ke6 38.Rh6+ Ke7 39.cxd5 Rg2 40.d6+ Kd7 41.
Rc1 Ba6 42.Rc7+ Ke8 43.Re6+ Kd8 44.Bf6+ Rxf6 45.Rxf6 Rxe2+ 46.Kd1 Ke8 47.
Re7+ 1-0

[Event "I Open"]
[Site "Senigallia ITA"]
[Date "1996.05.20"]
[Round "2"]
[White "Mrdja, Milan"]
[Black "Travaglini, Alberto"]
[Result "1-0"]
[WhiteElo "2450"]
[BlackElo "2123"]
[PlyCount "33"]
[EventDate "1996.05.19"]

1.e4 c5 2.Nf3 d6 3.d4 cxd4 4.Nxd4 Nf6 5.Nc3 a6 6.Be3 e5 7.Nb3 Be7 8.Qd2 
Nc6 9.f3 Be6 10.O-O-O Rc8 11.g4 b5 12.g5 Nd7 13.Kb1 Na5 14.Nxa5 Qxa5 15.
Nd5 Qxd2 16.Rxd2 Rc6 17.Nb4 1-0

[Event "I Open"]
[Site "Senigallia ITA"]
[Date "1996.05.20"]
[Round "2"]
[White "Nurkic, Sahbaz"]
[Black "Miatello, Alberto"]
[Result "1-0"]
[WhiteElo "2365"]
[BlackElo "1794"]
[PlyCount "67"]
[EventDate "1996.05.19"]

1.e4 c5 2.c3 e5 3.Nf3 Nc6 4.Bc4 Qf6 5.O-O h6 6.d4 cxd4 7.cxd4 Nxd4 8.Nxd4 
exd4 9.e5 Qb6 10.Qf3 Qg6 11.Nd2 Ne7 12.Re1 Nc6 13.Bd3 Qe6 14.Bf5 Qe7 15.
Nc4 Qb4 16.Qe2 d3 17.Bxd3 Nd4 18.Qd1 Ne6 19.Be3 b5 20.a3 Qa4 21.Qxa4 bxa4 
22.Be4 Rb8 23.Bxa7 Rb5 24.Rac1 Ba6 25.Bd3 Rb3 26.Bf1 Bxc4 27.Rxc4 Rxb2 28.
Rxa4 Ra2 29.Rb1 Nd8 30.Rb8 Be7 31.Bb6 O-O 32.Raa8 Nc6 33.Rxf8+ Bxf8 34.Bc5
1-0

[Event "I Open"]
[Site "Senigallia ITA"]
[Date "1996.05.20"]
[Round "2"]
[White "Ortega, Lexy"]
[Black "Luciani, Valerio"]
[Result "1-0"]
[WhiteElo "2490"]
[BlackElo "2155"]
[PlyCount "37"]
[EventDate "1996.05.19"]

1.d4 f5 2.Bg5 g6 3.e3 Bg7 4.h4 h6 5.Bf4 d6 6.Nf3 Nf6 7.Nc3 O-O 8.Bc4+ e6 
9.Qe2 c6 10.a4 a6 11.Bb3 Nd5 12.Nxd5 exd5 13.c4 dxc4 14.Bxc4+ Kh8 15.Bg5 
Qe8 16.h5 d5 17.hxg6 dxc4 18.Ne5 Nd7 19.Rxh6+ 1-0

[Event "I Open"]
[Site "Senigallia ITA"]
[Date "1996.05.20"]
[Round "2"]
[White "Pizzi, Mario"]
[Black "Nagni, Marco"]
[Result "1-0"]
[WhiteElo "1800"]
[BlackElo "1606"]
[PlyCount "85"]
[EventDate "1996.05.19"]

1.d4 d5 2.e3 Nf6 3.Bd3 Nc6 4.a3 Bg4 5.Ne2 e6 6.O-O a6 7.Qe1 Bd6 8.f4 Qe7 
9.Nd2 Bh5 10.Ng3 O-O-O 11.Nxh5 Nxh5 12.b3 Nf6 13.c4 Qd7 14.c5 Bf8 15.b4 
Na7 16.a4 Kb8 17.Qe2 h5 18.b5 a5 19.Nf3 Ne4 20.Ne5 Qe8 21.b6 Nc6 22.bxc7+ 
Kxc7 23.Bd2 Nxd2 24.Qxd2 Ra8 25.Bb5 f6 26.Nf3 Be7 27.Rab1 Qd7 28.Rb3 Rhb8 
29.Rfb1 Qc8 30.Bxc6 Kxc6 31.Rb6+ Kd7 32.Qd3 Bd8 33.Qh7 Bxb6 34.Qxg7+ Ke8 
35.Rxb6 Qd7 36.Qg8+ Ke7 37.Qh7+ Ke8 38.Qxh5+ Qf7 39.Rxe6+ Kf8 40.Qh8+ Qg8 
41.Qxf6+ Qf7 42.Qh6+ Qg7 43.Rf6+ 1-0

[Event "I Open"]
[Site "Senigallia ITA"]
[Date "1996.05.20"]
[Round "2"]
[White "Stantic, Severino"]
[Black "Borgo, Giulio"]
[Result "0-1"]
[WhiteElo "2030"]
[BlackElo "2400"]
[PlyCount "60"]
[EventDate "1996.05.19"]

1.Nf3 c5 2.e3 Nf6 3.b3 g6 4.Bb2 Bg7 5.Be2 O-O 6.O-O Nc6 7.d3 d6 8.Nbd2 e5 
9.Ne4 Ne8 10.Nc3 d5 11.Na4 b6 12.d4 e4 13.Ne1 cxd4 14.exd4 f5 15.c3 f4 16.
f3 Nd6 17.Ba3 g5 18.Nc2 Re8 19.Bxd6 Qxd6 20.fxe4 dxe4 21.Bc4+ Kh8 22.Qh5 
Rf8 23.Rae1 Bf5 24.Qxg5 Bg6 25.Qd5 Qc7 26.Bb5 Na5 27.Qd7 Qb8 28.Nb4 Rf7 
29.Qe6 Qf8 30.Qh3 Qd6 0-1

[Event "I Open"]
[Site "Senigallia ITA"]
[Date "1996.05.20"]
[Round "2"]
[White "Tortarolo, Massimiliano"]
[Black "Djuric, Stefan"]
[Result "0-1"]
[WhiteElo "2235"]
[BlackElo "2515"]
[PlyCount "96"]
[EventDate "1996.05.19"]

1.e4 c5 2.Nf3 e6 3.d4 cxd4 4.Nxd4 Nc6 5.Nb5 d6 6.c4 a6 7.Nd4 Nf6 8.Nc3 Be7
9.Be2 O-O 10.O-O Bd7 11.Be3 Rb8 12.f3 Re8 13.Nc2 Qc7 14.Rc1 Bf8 15.Qd2 Ne5
16.Nd4 Rbc8 17.b3 Qb8 18.Kh1 h6 19.Rfd1 Ng6 20.Bf1 Ne5 21.a4 Qc7 22.Nc2 
Qb8 23.a5 Ng6 24.Qf2 Be7 25.Ba7 Qa8 26.Bb6 Bc6 27.h3 Nh5 28.g3 Rf8 29.Nd4 
Qb8 30.Nxc6 bxc6 31.c5 d5 32.f4 Qb7 33.e5 f6 34.Qf3 Nhxf4 35.gxf4 fxe5 36.
Qg4 Nxf4 37.Ne2 h5 38.Qg1 Rf6 39.Nxf4 exf4 40.Re1 Rcf8 41.Re5 Rh6 42.Qf2 
Qd7 43.Qf3 g5 44.Qe2 g4 45.Qg2 Bf6 46.hxg4 f3 47.Qd2 Qg7 48.Bc7 hxg4+ 0-1

[Event "I Open"]
[Site "Senigallia ITA"]
[Date "1996.05.20"]
[Round "2"]
[White "Trovato, Alessio"]
[Black "Perini, Gianna"]
[Result "1-0"]
[WhiteElo "1633"]
[BlackElo "1537"]
[PlyCount "87"]
[EventDate "1996.05.19"]

1.e4 c5 2.Nf3 d6 3.d4 cxd4 4.Nxd4 Nc6 5.Nc3 g6 6.Be3 Bg7 7.f3 Nf6 8.Bc4 
O-O 9.Qd2 a6 10.O-O-O Ne5 11.Bb3 Bd7 12.Bh6 Rc8 13.Bxg7 Kxg7 14.h4 h5 15.
f4 Nc4 16.Bxc4 Rxc4 17.e5 Ng4 18.exd6 e5 19.fxe5 Nxe5 20.Qf4 Qa5 21.Qd2 
Rfc8 22.Nb3 Qb6 23.Rhe1 f6 24.Re4 Rxe4 25.Nxe4 Qc6 26.Nec5 Bg4 27.Re1 Rd8 
28.Ne4 Bf5 29.Nd4 Qd7 30.Nc5 Qf7 31.Nxf5+ gxf5 32.Rxe5 fxe5 33.Qg5+ Qg6 
34.Ne6+ Kh7 35.Qxg6+ Kxg6 36.Nxd8 Kf6 37.Kd2 e4 38.Ke3 Ke5 39.Nxb7 f4+ 40.
Ke2 Ke6 41.c4 Kd7 42.c5 Kc6 43.Na5+ Kd7 44.a4 1-0

[Event "I Open"]
[Site "Senigallia ITA"]
[Date "1996.05.20"]
[Round "2"]
[White "Zappi, Adriano"]
[Black "Bonanate, Armando"]
[Result "1-0"]
[WhiteElo "1570"]
[BlackElo "1650"]
[PlyCount "78"]
[EventDate "1996.05.19"]

1.Nf3 d5 2.g3 Nf6 3.Bg2 c5 4.d3 Nc6 5.O-O e5 6.Nbd2 h6 7.e4 d4 8.a4 Be6 9.
h3 a5 10.Nh2 g5 11.b3 Bd6 12.Ndf3 Qd7 13.h4 gxh4 14.Nxh4 O-O-O 15.Bd2 Rdg8
16.Qe1 Nb4 17.Qc1 Bh3 18.Bxb4 cxb4 19.Qd1 Be7 20.Qf3 Be6 21.Qd1 Ng4 22.
N2f3 h5 23.Qd2 Rg7 24.Qe2 Bf6 25.Kh1 Nh6 26.Kh2 Bg4 27.Qd2 Qe7 28.Bh3 Kb8 
29.Rg1 Bxh3 30.Kxh3 Qe6+ 31.Kh2 Rg4 32.Rh1 Qe7 33.Kg2 Rg7 34.Rh2 Qe6 35.
Re1 Ng4 36.Rhh1 Rgg8 37.Nf5 Bd8 38.Rh3 Nh6 39.N5h4 Bxh4 1-0

[Event "I Open"]
[Site "Senigallia ITA"]
[Date "1996.05.21"]
[Round "3"]
[White "Borgo, Giulio"]
[Black "Komarov, Dimitri"]
[Result "1/2-1/2"]
[WhiteElo "2400"]
[BlackElo "2530"]
[PlyCount "57"]
[EventDate "1996.05.19"]

1.e4 e6 2.d4 d5 3.Nc3 Bb4 4.e5 c5 5.Bd2 Ne7 6.dxc5 Nbc6 7.f4 Nf5 8.Nf3 
Bxc5 9.Bd3 a6 10.Qe2 Nb4 11.O-O-O Nxd3+ 12.Qxd3 h5 13.Ne2 Qb6 14.c3 Bd7 
15.Nfd4 Bxd4 16.Nxd4 Bb5 17.Nxb5 Qxb5 18.Qf3 O-O-O 19.Be3 Kb8 20.Bd4 Rc8 
21.Rd2 Rc4 22.Rhd1 g6 23.b3 Rc6 24.Kb2 Rhc8 25.Rc1 a5 26.a4 Nxd4 27.Rxd4 
Qc5 28.Qd3 Rb6 29.Rd1 1/2-1/2

[Event "I Open"]
[Site "Senigallia ITA"]
[Date "1996.05.21"]
[Round "3"]
[White "Cetkovic, Sergio"]
[Black "Guglielmi, Giuseppe"]
[Result "1-0"]
[WhiteElo "1815"]
[BlackElo "1701"]
[PlyCount "106"]
[EventDate "1996.05.19"]

1.e4 c5 2.c3 d5 3.exd5 Qxd5 4.d4 e5 5.Be3 cxd4 6.cxd4 Nc6 7.Nc3 Bb4 8.Nf3 
Nge7 9.a3 Bxc3+ 10.bxc3 exd4 11.Nxd4 O-O 12.Nb5 Be6 13.Nc7 Qe5 14.Nxa8 
Qxc3+ 15.Bd2 Qe5+ 16.Be2 Nd4 17.Bc3 Nec6 18.Nc7 Bc4 19.f4 Qe4 20.Bxd4 Nxd4
21.O-O Nxe2+ 22.Kh1 Nxf4 23.Qf3 Qxf3 24.Rxf3 g5 25.Rc3 Bd3 26.Nd5 Be4 27.
Nxf4 gxf4 28.Rd1 Re8 29.Kg1 Bc6 30.Kf2 Re4 31.Rdc1 Rd4 32.R1c2 Ra4 33.Rb2 
a6 34.Rb4 Rxb4 35.axb4 Kg7 36.Rc4 Kf6 37.Rxf4+ Kg6 38.g3 f5 39.Rd4 Be4 40.
Rd7 h5 41.h4 Kf6 42.Ke3 Bc6 43.Rd6+ Ke5 44.Rh6 Be8 45.Rh7 f4+ 46.gxf4+ Kf5
47.Re7 Bc6 48.Re5+ Kg4 49.f5 Ba4 50.f6 Bb3 51.Re7 b6 52.f7 Bxf7 53.Rxf7 
Kxh4 1-0

[Event "I Open"]
[Site "Senigallia ITA"]
[Date "1996.05.21"]
[Round "3"]
[White "Djuric, Stefan"]
[Black "Mrdja, Milan"]
[Result "1-0"]
[WhiteElo "2515"]
[BlackElo "2450"]
[PlyCount "66"]
[EventDate "1996.05.19"]

1.e4 c5 2.Nf3 d6 3.Nc3 a6 4.g3 Nc6 5.Bg2 e5 6.Nd5 Nge7 7.d3 Nxd5 8.exd5 
Ne7 9.Nd2 g6 10.a4 b6 11.O-O Bg7 12.Rb1 O-O 13.b4 cxb4 14.Rxb4 Bd7 15.Nc4 
Nc8 16.Be3 b5 17.axb5 axb5 18.Nd2 f5 19.f4 exf4 20.Bxf4 Re8 21.Nf3 Qc7 22.
Bd2 Nb6 23.Ng5 Qc5+ 24.Kh1 Ra2 25.Ne6 Qxc2 26.Nxg7 Kxg7 27.Qxc2 Rxc2 28.
Bf4 Ree2 29.Bf3 Rxh2+ 30.Kg1 Nc8 31.Be3 Kf7 32.Bf2 Rh6 33.Rfb1 g5 1-0

[Event "I Open"]
[Site "Senigallia ITA"]
[Date "1996.05.21"]
[Round "3"]
[White "Efimov, Igor"]
[Black "Drei, Andrea"]
[Result "1-0"]
[WhiteElo "2455"]
[BlackElo "2325"]
[PlyCount "53"]
[EventDate "1996.05.19"]

1.d4 Nf6 2.Nf3 e6 3.c4 b6 4.Nc3 Bb7 5.Bg5 h6 6.Bh4 Be7 7.Qc2 c5 8.O-O-O 
Nc6 9.e3 cxd4 10.exd4 Rc8 11.Qa4 O-O 12.d5 g5 13.Bg3 g4 14.Nd2 exd5 15.
cxd5 Nxd5 16.Nxd5 Nb4+ 17.Nc3 d5 18.Nb3 Bc6 19.Qxa7 f5 20.Nd4 Rf7 21.Nxc6 
Rxc6 22.Qa4 f4 23.Bh4 Qc7 24.Bxe7 Rxc3+ 25.bxc3 Qxc3+ 26.Kb1 Rxe7 27.Qb3 
1-0

[Event "I Open"]
[Site "Senigallia ITA"]
[Date "1996.05.21"]
[Round "3"]
[White "Fico, Massimiliano"]
[Black "Drasko, Milan"]
[Result "0-1"]
[WhiteElo "2315"]
[BlackElo "2505"]
[PlyCount "66"]
[EventDate "1996.05.19"]

1.e4 e6 2.d4 d5 3.e5 c5 4.c3 Nc6 5.Nf3 Bd7 6.Be2 f6 7.O-O fxe5 8.Nxe5 Nxe5
9.dxe5 Qc7 10.c4 Ne7 11.cxd5 Nxd5 12.Bf3 Bc6 13.Qe2 Be7 14.Bh5+ g6 15.Bg4 
Qd7 16.Na3 h5 17.Bf3 O-O-O 18.Bd2 Nc7 19.Be3 Bxf3 20.Qxf3 Rhf8 21.Qe4 Rf5 
22.Rac1 b6 23.Qc2 Nd5 24.Nc4 b5 25.Nd6+ Bxd6 26.exd6 c4 27.a4 a6 28.axb5 
axb5 29.b3 c3 30.Qd3 Qc6 31.b4 Rxd6 32.Qd4 Nf4 33.Qh8+ Rd8 0-1